Kế toán thuế trong doanh nghiệp
Nội dung sách gồm tổng quan về kế toán thuế trong doanh nghiệp, kế toán thuế giá trị gia tăng, kế toán thuế thu nhập doanh nghiệp,kế toán thuế thu nhập cá nhân, kế toán thuế nhà thầu, kế toán thuế các loại thuế khác....
Đã lưu trong:
| 主要作者: | |
|---|---|
| 其他作者: | , |
| 格式: | 图书 |
| 语言: | Vietnamese |
| 出版: |
H.
Tài chính
2018
|
| 主题: | |
| 标签: |
添加标签
没有标签, 成为第一个标记此记录!
|
| Thư viện lưu trữ: | Thư viện Trường Đại học Nam Cần Thơ |
|---|
| LEADER | 01348nam a22002297a 4500 | ||
|---|---|---|---|
| 001 | NCT_74145 | ||
| 008 | 200214b xxu||||| |||| 00| 0 vie d | ||
| 999 | |c 3613 |d 3613 | ||
| 020 | |a 9786047918928 |c 135000 | ||
| 082 | 0 | 4 | |2 23rd ed. |a 657.46 |b V121 |
| 100 | 1 | |a Hà Thị Thúy Vân | |
| 245 | 1 | 0 | |a Kế toán thuế trong doanh nghiệp |c Hà Thị Thúy Vân, Trần Mạnh Dũng, Vũ Thị Kim Anh |
| 260 | |a H. |b Tài chính |c 2018 | ||
| 300 | |a 359 tr. |b Bảng |c 24cm | ||
| 520 | 3 | |a Nội dung sách gồm tổng quan về kế toán thuế trong doanh nghiệp, kế toán thuế giá trị gia tăng, kế toán thuế thu nhập doanh nghiệp,kế toán thuế thu nhập cá nhân, kế toán thuế nhà thầu, kế toán thuế các loại thuế khác. | |
| 653 | |a Kế toán | ||
| 700 | 1 | |a Trần Mạnh Dũng | |
| 700 | 1 | |a Vũ Thị Kim Anh | |
| 942 | |2 ddc |c BK | ||
| 952 | |0 0 |1 0 |2 ddc |4 0 |6 657_460000000000000_V121 |7 0 |9 18625 |a 000001 |b 000001 |d 2020-02-14 |l 1 |o 657.46 V121 |p MD.16635 |q 2020-04-01 |r 2020-03-18 |s 2020-03-18 |v 135000.00 |w 2020-02-14 |y BK | ||
| 952 | |0 0 |1 0 |2 ddc |4 0 |6 657_460000000000000_V121 |7 0 |9 18626 |a 000001 |b 000001 |d 2020-02-14 |o 657.46 V121 |p MD.16636 |r 2020-02-14 |v 135000.00 |w 2020-02-14 |y BK | ||
| 980 | |a Thư viện Trường Đại học Nam Cần Thơ | ||


